000 00353nam a22001577a 4500
003 MPLRDC
005 20220104144443.0
008 210129b ||||| |||| 00| 0 eng d
082 _a495.1 LQZ
100 _a林钦忠编
245 _a簿记与会计
_c
260 _a
_b吧生中华书局
_c
300 _b
650 _a
942 _cBK
_o495.1 LQZ
999 _c49767
_d49757